000 00298nam a22001217a 4500
999 _c163229
_d163229
082 _a
_b
100 _aNolan E H
245 _aHistory of the british empire in India and the east (v.1)/
_cby Nolan E H.
260 _aNew Delhi:
_bDiscover,
_c1987.
300 _a804p.
650 _a
942 _cBK